Industrial organization review.

Bibliographic Details
Format: Journal
Language:English
Published: [Blacksburg, Va.] : [University Publications Division of Physical Biological Sciences], [1973-1980]
Subjects:
Online Availability: Check for online availability

MARC

Tag First Indicator Second Indicator Subfields
LEADER 00000cas a2200000 a 4500
001 in00000089874
005 20151008063537.0
008 731227d19731980vautr1p bs 0uuua0engm
010 |a  73646696  
012 |a 2  |b 3  |c -  |d 7  |e -  |f -  |g p  |h -  |i ----  |l 1 
022 0 |a 0194-2875 
035 |a (OCoLC)01788996 
035 |9 AAK2455AM 
037 |b Box 47, 24060 
040 |a DLC  |c DLC  |d OCL  |d NSD  |d TXA  |d UtOrBLW 
042 |a lc  |a nsdp 
043 |a n-us--- 
049 |a TXAE 
050 0 0 |a HB1  |b .I43 
082 0 |a 338.6/05 
222 0 |a Industrial organization review 
245 0 0 |a Industrial organization review. 
264 1 |a [Blacksburg, Va.] :  |b [University Publications Division of Physical Biological Sciences],  |c [1973-1980] 
300 |a 8 volumes ;  |c 28 cm. 
310 |a Three no. a year 
336 |a text  |b txt  |2 rdacontent 
337 |a unmediated  |b n  |2 rdamedia 
338 |a volume  |b nc  |2 rdacarrier 
362 0 |a Vol. 1 (1973)-v. 8 (1980). 
650 0 |a Microeconomics  |x Periodicals. 
650 0 |a Industrial organization  |x Periodicals. 
650 0 |a Industrial organization  |z United States  |x Periodicals. 
999 |a MARS 
999 f f |s 6a30afa7-3eac-3837-89a2-72a055aed551  |i 7ab94327-ec22-35db-8fe9-c06cbe8f18fb  |t 0 
952 f f |p ric  |a Texas A&M University  |b Rellis Campus  |c Joint Library Facility  |d Remote Storage  |t 0  |e HB1 .I43  |h Library of Congress classification  |i unmediated -- volume  |k v.5-6  |l 1977-1978  |m A14842113715 
952 f f |p ric  |a Texas A&M University  |b Rellis Campus  |c Joint Library Facility  |d Remote Storage  |t 0  |e HB1 .I43  |h Library of Congress classification  |i unmediated -- volume  |k v.7-8  |l 1979-1980  |m A14842113830 
952 f f |p ric  |a Texas A&M University  |b Rellis Campus  |c Joint Library Facility  |d Remote Storage  |t 0  |e HB1 .I43  |h Library of Congress classification  |i unmediated -- volume  |k v.3-4  |l 1975-1976  |m A14842113848 
952 f f |p ric  |a Texas A&M University  |b Rellis Campus  |c Joint Library Facility  |d Remote Storage  |t 0  |e HB1 .I43  |h Library of Congress classification  |i unmediated -- volume  |k v.1-2  |l 1973-1974  |m A14842113723 
998 f f |a HB1 .I43  |s v.1-8 (1973-1980)  |t 0  |l Remote Storage